Ace Attorney - Expressions - Statistiques

Statistiques générales
  • Ce quiz a été pris 167 fois
    97 depuis la dernière actualisation
  • Le résultat moyen est 8 sur 15
Statistiques - réponses
Première Apparition Utilisateurs Principaux Expression % Correct
Phoenix Wright: Ace Attorney Avocats et Procureurs Objection!
100%
Phoenix Wright: Ace Attorney Avocats, Procureurs et Témoins Un instant!
96%
Phoenix Wright: Ace Attorney Avocats Prends ça!
75%
Phoenix Wright: Ace Attorney - Dual Destinies Jack Lamenoire Silence!
68%
Apollo Justice: Ace Attorney Apollo Justice J'te tiens!
66%
Ace Attorney Investigations: Miles Edgeworth Shi-Long Lang Pas si vite!
62%
Ace Attorney Investigations: Miles Edgeworth Benjamin et Henri Hunter Eurêka!
54%
Phoenix Wright: Ace Attorney - Dual Destinies Avocats Trouvé!
45%
Ace Attorney Investigations 2: Prosecutor's Gambit Justine Delcour Rejeté!
44%
Phoenix Wright: Ace Attorney - Spirit of Justice Ga'ran Sigatar Khura'in Quelle insolence!
34%
Phoenix Wright: Ace Attorney - Spirit of Justice Rayfa Padma Khura'in Assez!
31%
Phoenix Wright: Ace Attorney - Spirit of Justice Nahyuta Sahdmadhi Satorha!
31%
The Great Ace Attorney: Adventures Ryunosuke Naruhodo Yes!
25%
The Great Ace Attorney: Adventures Jezaille Brett Shut up!
23%
The Great Ace Attorney: Adventures Ryunosuke Naruhodo 'Scuse me!
18%
Aucun quiz correspondant
Distribution des résultats
% des personnes avec chaque résultat
Percentile par nombre de réponses
Votre historique - résultats
Vous n’avez pas pris ce quiz depuis la dernière actualisation